Catálogo
 En Linea

Cuentos de animales fantasticos para niños / (Registro nro. 45549)

Detalles MARC
000 -CABECERA
campo de control de longitud fija 01216nam a2200277 i 4500
001 - NÚMERO DE CONTROL
campo de control 000046060
003 - IDENTIFICADOR DEL NÚMERO DE CONTROL
campo de control DO-SdBNP
005 - FECHA Y HORA DE LA ÚLTIMA TRANSACCIÓN
campo de control 20230519142808.0
007 - CAMPO FIJO DE DESCRIPCIÓN FÍSICA--INFORMACIÓN GENERAL
campo de control de longitud fija ta
008 - DATOS DE LONGITUD FIJA--INFORMACIÓN GENERAL
campo de control de longitud fija 150616s1984 bl a 000 0 spa d
020 ## - NÚMERO INTERNACIONAL ESTÁNDAR DEL LIBRO
Número Internacional Estándar del Libro 9684940149
040 ## - FUENTE DE LA CATALOGACIÓN
Centro catalogador/agencia de origen DO-SdBNP
Lengua de catalogación spa
Centro/agencia transcriptor BNPHU
Normas de descripción rda
082 #4 - NÚMERO DE LA CLASIFICACIÓN DECIMAL DEWEY
Número de edición 22
245 00 - MENCIÓN DE TÍTULO
Título Cuentos de animales fantasticos para niños /
Mención de responsabilidad, etc. dirección, Patricia van Rhijn ; edición, Rosánela Àlvarez.
250 ## - MENCIÓN DE EDICIÓN
Mención de edición 2ª ed.
264 #1 - PRODUCCIÓN, PUBLICACIÓN, DISTRIBUCIÓN, FABRICACIÓN Y COPYRIGHT
Producción, publicación, distribución, fabricación y copyright Sao Paulo, Brasil :
Nombre del de productor, editor, distribuidor, fabricante Atíca,
Fecha de producción, publicación, distribución, fabricación o copyright 1984.
300 ## - DESCRIPCIÓN FÍSICA
Extensión 106 páginas :
Otras características físicas ilustraciones ;
Dimensiones 22 cm.
336 ## - TIPO DE CONTENIDO
Fuente rdacontent
Término de tipo de contenido texto
Código de tipo de contenido txt
337 ## - TIPO DE MEDIO
Fuente rdamedia
Nombre/término del tipo de medio sin mediación
Código del tipo de medio n
338 ## - TIPO DE SOPORTE
Fuente rdacarrier
Nombre/término del tipo de soporte volumen
Código del tipo de soporte nc
490 1# - MENCIÓN DE SERIE
Mención de serie Coedición latinoamericana
Designación de volumen o secuencia 5
505 0# - NOTA DE CONTENIDO CON FORMATO
Nota de contenido con formato La Boitató (Brasil) --
Título El hombre caimán (Colombia) --
-- Las guacamayas (Ecuador)
-- El caballito de sieto colores (Guatemala) --
-- El murciélago (México) --
-- El lagarto de oro (Nicaragua) --
-- El Amaru (Perú) --
-- El pájaro Inriri, fabricante de mujeres (Puerto Rico) --
-- La novia del pececito (República Dominicana) --
-- Blanca y el Salvaje (Venezuela).
700 1# - PUNTO DE ACCESO ADICIONAL--NOMBRE DE PERSONA
Nombre de persona Álvarez, Rosánela,
Término indicativo de función/relación edición
9 (RLIN) 73004
830 #0 - PUNTO DE ACCESO ADICIONAL DE SERIE-TÍTULO UNIFORME
Título uniforme Coedición latinoamericana.
Número de parte o sección de la obra 5
9 (RLIN) 73005
942 ## - ELEMENTOS DE PUNTO DE ACCESO ADICIONAL (KOHA)
Fuente del sistema de clasificación o colocación Dewey Decimal Classification
Tipo de ítem Koha Libro
Existencias
Estado de retiro Estado de pérdida Fuente del sistema de clasificación o colocación Restricciones de uso No para préstamo Código de colección Localización permanente Ubicación/localización actual Ubicación en estantería Fecha de adquisición Código de barras Fecha visto por última vez Precio válido a partir de Tipo de ítem Koha
    Dewey Decimal Classification Excluido de préstamo   Patrimonio Dominicano Biblioteca Nacional Pedro Henríquez Ureña Biblioteca Nacional Pedro Henríquez Ureña Depósito 16.06.2015 46060-10 25.06.2020 25.06.2020 Libro

Con tecnología Koha